Swaraj: thoughts of Gandhi, Tilak, Aurobindo, Raja Rammohun Roy, Tagore and Vivekananda (Record no. 391617)

MARC details
000 -LEADER
fixed length control field 00652nam a2200193Ia 4500
008 - FIXED-LENGTH DATA ELEMENTS--GENERAL INFORMATION
fixed length control field 191130s2009##################000#0#eng##
020 ## - INTERNATIONAL STANDARD BOOK NUMBER
ISBN 9788189973827
082 ## - DEWEY DECIMAL CLASSIFICATION NUMBER
Classification number 320.150 MOH
100 ## - MAIN ENTRY--AUTHOR NAME
Personal name Mohapatra, Amulya Ranjan
245 ## - TITLE STATEMENT
Title Swaraj: thoughts of Gandhi, Tilak, Aurobindo, Raja Rammohun Roy, Tagore and Vivekananda
Statement of responsibility, etc Amulya Ranjan Mohapatra
260 ## - PUBLICATION, DISTRIBUTION, ETC. (IMPRINT)
Place of publication New Delhi
Name of publisher Read Worthy
Year of publication c2009
300 ## - PHYSICAL DESCRIPTION
Number of Pages 102 p. ; 18 cm
500 ## - GENERAL NOTE
General note Includes bibliographical references (p. [94]-96) and Index
650 ## - SUBJECT ADDED ENTRY--TOPICAL TERM
Topical Term Political science
991 ## -
-- 197828

No items available.

Find us on the map